00848nas a2200241 4500001001000000003000900010005001700019008004100036040002500077043000900102245006500111260004700176300002500223310001600248362003500264500004800299500003900347650007400386651007200460700004200532942001500574999001700589000037415DO-SdBNP20240902095851.0120409c19299999dr ur1p dd 0 z0spa d aDO-SdBNPbspacBNPHU anwdr03aEl día estético. :brevista indouniversal de vanguardia. aSanto Domingo :bEl Independiente.,c1929. av.- :bil. ;c24 cm. aDesconocido1 aInicia con: año.1:no.3(1929) aCatalogación basada en:año.1:no.3(1929) aDirector: Domingo Moreno Jiménes 4aLiteraturavPUBLICACIONES PERIÓDICASzRepública Dominicana958834 4aRepública DominicanaxHistoriavPUBLICACIONES PERIÓDICAS9535681 aMoreno Jiménes, Domingoeed.931950 2ddccISSUE c36905d36905